Sports Quiz

Random Sports Quiz

Most followed footballers on Instagram Quiz Stats

 Plays Quiz not verified by Sporcle

Support Sporcle.
Go Orange.
Score 0/20 Timer 03:00
0 Plays Today
Followers Player % Correct
235mCristiano Ronaldo
99.7%
162mLionel Messi
99.5%
140mNeymar
98.8%
40mSergio Ramos
91.9%
39mMohamed Salah
88.6%
42mKylian Mbappe
88.5%
41mPaul Pogba
85.1%
35mKarim Benzema
83.9%
43mZlatan Ibrahimovic
80%
43mGareth Bale
75.6%
Followers Player % Correct
34mAndres Iniesta
71.9%
63mDavid Beckham
71%
39mPaulo Dybala
67.8%
45mMarcelo
65.8%
38mLuis Suarez
61.2%
51mRonaldinho
53.4%
30mAntoine Griezmann
47.8%
27mZinedine Zidane
46.7%
31mDani Alves
34.6%
45mJames Rodriguez
23.6%

You're not logged in!

Compare scores with friends on all Sporcle quizzes.
OR
Log In

From the Vault

Top 100 Bands (1979)

by Alex951998

Even in 1979, disco was still driving the music charts, and no one can remember why.
Remove Ads.
Support Sporcle.
Get the best of Sporcle when you Go Orange. This ad-free experience offers more features, more stats, and more fun while also helping to support Sporcle. Thank you for becoming a member.

Show Comments

Extras

Top Quizzes Today


Score Distribution

Your Account Isn't Verified!

In order to create a playlist on Sporcle, you need to verify the email address you used during registration. Go to your Sporcle Settings to finish the process.

Report this User

Report this user for behavior that violates our Community Guidelines.

Details: